000 00688nam a2200289Ia 4500
005 20260324135937.0
008 008 260324s9999 xx 000 0 eng d
020 _a9780203735398
037 _aEBOOK
040 _aCRL
040 _beng
040 _cCRL
041 _2eng
041 _aeng
084 _qCRL
100 _aRobert Ryan
_91202523
245 0 _aToxicology Desk Reference
245 4 _bThe Toxic Exposure & Medical Monitoring Index
260 _bTaylor and Francis
260 _c1999
365 _a
365 _b5040
856 _uhttp://www.taylorfrancis.com/books/9780203735398
942 _cEBOOK
999 _c1804087
_d1804087